Регионална библиотека "Любен Каравелов" - Русе

Декоративен маникюр (Запис номер 322597)

MARC детайли
000 -Лидер
Контролно поле с фиксирана дължина nam a22 a 4500
003 - Код на организацията, давaща контролен номер
Контролно поле BLK
005 - Дата и час на последна редакция
Контролно поле 20220120172927.0
008 - Елементи от данни с фиксирана дължина
fixed length control field 180517b bul||||| |||| 00| 0 bul d
020 ## - Международен стандартен номер на книга ISBN
Международен стандартен номер на книга ISBN 978-954-9664-82-9
040 ## - Източник на каталожния запис
Идентификатор на билиотеката - собственик на записа BLK
041 ## - Код за език
Код за езика на текст/звукозапис или на отделно заглавие Български
Код за езика КДБФ Български
072 ## - Код за тематичната категория
9 (RLIN) 178266
Код за тематична категория Н62
Текст Приложни науки. Техника Н
080 ## - УДК
Текстов определител УДК Козметика. Бръснаро-фризьорство. Перукерство, маникюр, педикюр и др. ; лечебна козметика
УДК код - определител по УДК 687.5
100 ## - Редна дума - Автор
Автор Бигс, Хелена
Авторска отговорност първи автор
R(LIN) 1299
139 ## - Редно поле
Редна дума Бигс, Хелена
Авторски знак Би - Б 44
245 ## - Сведения за заглавието
Заглавие Декоративен маникюр
Подзаглавни данни Колекция проекти : Забележителни и стилни идеи от професионалистите
Редно поле (дума) Хелена Бигс ; Прев. Ана Чакалова
257 ## - Страна на издаване
Страна на създаване/издаване Германия
260 ## - Област на издателските данни
Име на издателя, разпространителя и проч. Ахат
Година на издаване 2017
Място на издаване, разпространение и проч. София
300 ## - Физическа характеристика
Страници 128 с.
Илюстрации и др. с цв. ил.
Размери/Мащаб 18Х19 см
380 ## - Жанр
Жанр Техника
500 ## - Общи забележки
Забележка Без сведение за ориг. загл.
700 ## - Други автори (авторска отговорност)
9 (RLIN) 292677
Лично име Чакалова, Ана Симеонова
Автороска отговорност (Описва отношението между автора и произведението) прев.
852 ## - Местоположение
Форматна сигнатура Цб І 37569
999 ## - СИСТЕМНИ КОНТРОЛНИ НОМЕРА
Koha biblionumber 322597
Koha biblioitemnumber 322597
942 ## - АРТИКУЛИ
Вид на библиотечния материал Книги
Източник на класификационната схема Universal Decimal Classification
Скрит в OPAC Не
Koha issues (borrowed), all copies 6
999 ## - СИСТЕМНИ КОНТРОЛНИ НОМЕРА
Koha biblioitemnumber 322597
999 ## - СИСТЕМНИ КОНТРОЛНИ НОМЕРА
Koha biblioitemnumber 322597
999 ## - СИСТЕМНИ КОНТРОЛНИ НОМЕРА
Koha biblioitemnumber 322597
999 ## - СИСТЕМНИ КОНТРОЛНИ НОМЕРА
Koha biblioitemnumber 322597
Наличности
Код за отписване Код за изгубен артикул Източник на класификационната схема Код за повреда Коз за рестрикции Код за отдаване Артикулен № Име на библиотеката - собственик Име на библиотеката, в която се намира в момента Статус (Текущо местоположение) Дата на вписване в системата Местоположение - отдел Цена в лева Инвентарен номер Систематично азбучна сигнатура Баркод Цена в евро Служебен тип на артикула
  Не е изгубен Universal Decimal Classification Не е повреден без рестрикции заемане за дома 676726 Регионална библиотека "Любен Каравелов" Русе Регионална библиотека "Любен Каравелов" Русе Заемна - подръчен фонд 2018-05-17 Заемна - подръчен фонд 10.40 120000820451 П 687/Б 44 120000820451 5.32 Книги
  Не е изгубен Universal Decimal Classification Не е повреден без рестрикции заемане за дома 676727 Регионална библиотека "Любен Каравелов" Русе Регионална библиотека "Любен Каравелов" Русе Заемна - подръчен фонд 2018-05-17 Заемна - подръчен фонд 10.40 120000820452 П 687/Б 44 120000820452 5.32 Книги
  Не е изгубен Universal Decimal Classification Не е повреден само за читалня ползва се в читалня 681184 Регионална библиотека "Любен Каравелов" Русе Регионална библиотека "Любен Каравелов" Русе Хранилище 2018-09-29 Хранилище 13.00 120000823905 Цб І 37569 120000823905 6.65 Книги
Vip Innovations Ltd, Rousse, Bulgaria 2025